| 000 | 00965nam a2200205 4500 | ||
|---|---|---|---|
| 999 |
_c7434 _d7434 |
||
| 020 | _a0071244743 | ||
| 020 | _a9780071244749 | ||
| 050 |
_aQA39.3 _b.R67 |
||
| 100 | _aRosen, Kenneth H. | ||
| 245 |
_aDiscrete mathematics and its applications; _cKenneth H Rosen |
||
| 250 | _a6th ed | ||
| 260 |
_aBoston : _b McGraw-Hill Higher Education, _c©2007. |
||
| 300 |
_axxii, 843, A-15, B-7, S-90, C-1, I-18 pages : _billustrations ; _c27 cm |
||
| 500 | _aIncludes indexes | ||
| 505 | _aThe foundations : logic and proofs -- Basic structures : sets, functions, sequences, and sums -- The fundamentals : algorithms, the integers, and matrices -- Induction and recursion -- Counting -- Discrete probability -- Advanced counting techniques -- Relations -- Graphs -- Trees -- Boolean algebra -- Modeling computation. | ||
| 650 | _aMathematics. | ||
| 650 | _aComputer science -- Mathematics. | ||
| 650 | _aLogic, Symbolic and mathematical. | ||
| 942 | _cBK | ||